000 01197cam a2200373 a 4500
001 10739506
003 ARRUPE
005 20160415084917.0
008 140318s2014 fr g b 000 0 fre d
020 _a9782356391353 (pbk.) :
_c6,50 EUR
035 _a(OCoLC)874843083
035 _a(OCoLC)ocn874843083
035 _a(FrPAAL)AAL0623111-0001
035 _a(NNC)10739506
040 _aFrPAAL
_cArrupe
043 _af------
050 0 4 _aHJ8826
_b.S26 2014
100 1 _aSankara, Thomas.
_923850
245 1 0 _aDiscours sur la dette :
_bdiscours d'Addis-Abeba de Thomas Sankara présenté par Jean Ziegler /
_cThomas Sankara & Jean Ziegler.
260 _aBordeaux:
_bElytis,
_cc2014.
300 _a61 p. ;
_c17 cm.
490 1 _aQuoi de neuf?
504 _aIncludes bibliographical references (p. 59-[60]).
600 _aSankara, Thomas
_923850
650 0 _aDebts, External
_zAfrica.
_923851
651 0 _aAfrica
_xEconomic conditions
_y20th century.
_923852
700 1 _aZiegler, Jean,
_d1934-
_923853
830 0 _aQuoi de neuf?
_923854
910 _a518974 14042014
942 _2lcc
_cMONOGRAPH
948 1 _a20140430
_bc
_cdc21
_dMPS
990 _b6.50 EUR
999 _c124625
_d124625